An examination of attendee brand loyalty : Understanding the moderator of behavioral brand loyalty /

Na minha lista:
Detalhes bibliográficos
Autor principal: Lee, Jin-Soo.
Outros Autores: Back, Ki-Joon.
Formato: Atigo
Idioma:English
Assuntos:
Tags: Adicionar Tag
Sem tags, seja o primeiro a adicionar uma tag!
Thư viện lưu trữ: Thư viện Trường Đại học Đà Lạt
LEADER 00899nam a2200277 4500
001 DLU090098885
005 ##20091201
040 # # |a DLU  |b eng 
041 # # |a eng 
044 # # |a us 
100 # # |a Lee, Jin-Soo. 
245 # # |a An examination of attendee brand loyalty : Understanding the moderator of behavioral brand loyalty /  |c Jin-Soo Lee, Ki-Joon Back. 
653 # # |a Attitudinal brand loyalty 
653 # # |a Behavioral brand loyalty 
653 # # |a Updated expectation of brand value 
700 # # |a Back, Ki-Joon. 
773 # # |t Journal of Hospitality & Tourism Research  |g Vol. 33, no. 1 (February 2009), p. 30-50 
920 # # |a Phòng Tạp chí -- Trung tâm Thông tin - Thư viện Trường Đại học Đà Lạt 
994 # # |a DLU 
900 # # |a True 
911 # # |a Trương Bảo Trâm Anh 
925 # # |a G 
926 # # |a A 
927 # # |a BB 
980 # # |a Thư viện Trường Đại học Đà Lạt